Sędziowie finałowych spotkań Mistrzostw Świata w piłce nożnej - Statystyki

Ogólne statystyki
  • Ten quiz został rozwiązany 18 razy
  • Średni wynik to 3 z 22
Statystyki odpowiedzi
Rok Gospodarz Narodowość arbitra Odpowiedź % Poprawnych
2022 Katar Polska Marciniak
93%
2002 Korea Południowa i Japonia Włochy Collina
73%
2010 Republika Południowej Afryki Wielka Brytania Webb
40%
1938 Francja Francja Capdeville
7%
1934 Włochy Szwecja Eklind
7%
1958 Szwecja Francja Guigue
7%
1930 Urugwaj Belgia Langenus
7%
1954 Szwajcaria Wielka Brytania Ling
7%
2018 Rosja Argentyna Pitana
7%
1994 Stany Zjednoczone Węgry Puhl
7%
1950 Brazylia Wielka Brytania Reader
7%
2014 Brazylia Włochy Rizzoli
7%
1998 Francja Maroko Belqola
0%
1990 Włochy Meksyk Codesal
0%
1982 Hiszpania Brazylia Coelho
0%
1966 Anglia Szwajcaria Dienst
0%
2006 Niemcy Argentyna Elizondo
0%
1986 Meksyk Brazylia Filho
0%
1970 Meksyk Niemcy Wschodnie Glockner
0%
1978 Argentyna Włochy Gonella
0%
1962 Chile Związek Radziecki Latyshev
0%
1974 Niemcy Zachodnie Wielka Brytania Taylor
0%
Nie znaleziono quizów pasujących do podanych kryteriów
Rozkład punktacji
Procent ludzi z każdym wynikiem
Percentyl według liczby udzielonych odpowiedzi
Twoja historia wyników
Nie rozwiązałeś tego quizu